Glee Names - Statistics

General Stats
  • This quiz has been taken 5,725 times
    5,620 since last reset
  • The average score is 18 of 22
Answer Stats
Hint Answer % Correct
"I won my first dance competition when I was 3 months old." Rachel Berry
99%
"Mercedes is black, I'm gay: we make culture." Kurt Hummel
98%
"I'm like a lizard. I need something warm beneath me or else I can't digest my food." Santana Lopez
96%
"Wait, kids don't like it when i rap?" Will Schuester
96%
"I want us to be together, a real couple. I even circled some dates on your crazy calendar." Finn Hudson
95%
"I'm not big on reading rule books. Actually, I'm not big on reading." Noah 'Puck' Puckerman
94%
"When I pulled my hamstring, I went to a misogynist." Brittany Pierce
93%
"All I want is just one day a year when I'm not visually assaulted by uglies and fatties." Sue Sylvester
93%
"When does asian santa arrive?" Tina Cohen-Chang
93%
"You used to be just sort of unlikeable, but now I feel like punching you every time you open your mouth." Quinn Fabray
92%
"I told my mom I had the flu and she made traditional tea made out of panda hair." Mike Chang
90%
"As soon as I get my record deal, I'm not speaking to any of you." Mercedes Jones
89%
"If he and I got married, the Gap would give me a 50% discount." Blaine Anderson
84%
"If we were to rank crushable teachers in this school, you'd be number one with a bullet." Emma Pillsbury
80%
"I never had any balls in my mouth. Have you?" Sam Evans
77%
"You're irritating, but don't take that personally." Artie Abrams
75%
"This is where our daughter or gay son will sleep." Terri Schuester
71%
"And now, performing the hit single, Tik and also Tok, by rapper Ke-dollar sign-Ha." Principal Figgins
68%
"I got sick dance moves, my mom says I have 'get down syndrome'." Becky Jackson
61%
"I sat through that whole Brokeback Mountain. From what I gather, something went down in the tent." Burt Hummel
51%
"Oh you didn't hear? Your girlfriends preggo! You're gonna be a baby daddy!" Lauren Zizes
41%
"Because you're the kind of man that can have any pretty girl he pointed at and I don't look the way pretty girls look." Shannon Beiste
22%
No matching quizzes found
Score Distribution
Percent of People with Each Score
Percentile by Number Answered
Your Score History
You have not taken this quiz since the last reset